Statistics for Most powerful European militaries

Click here to take the quiz!

General Stats

  • This quiz has been taken 309 times
    (283 since last reset)
  • The average score is 9 of 10

Answer Stats

#Answer% Correct
2United Kingdom
100%
1France
98%
3Germany
98%
6Spain
96%
4Italy
95%
5Poland
94%
8Ukraine
88%
7Greece
86%
10Switzerland
72%
9Czech Republic
62%

Score Distribution

Percentile by Number Answered

Percent of People with Each Score

Your Score History

You have not taken this quiz since the last reset